عرض عادي
عرض مارك
- Alfred, Edmund
مدخل إسم شخص
001 - رقم الضبط
- حقل الضبط: 36479
003 - معرف رقم الضبط
- حقل الضبط: OSt
005 - تاريخ ووقت أخر عملية
- حقل الضبط: 20130805142310.0
008 - عناصر بيانات ثابتة الطول
- حقل تحكم ثابت الطول: 130805|||a|||||| | ||| d
040 ## - مصدر الفهرسة
- هيئة الفهرسة الأصلية: OSt
- وكالة الكتابة: OSt
100 ## - مدخل -- أسم شخص
- إسم شخص: Alfred, Edmund
670 ## - بيانات المصدر موجوده
- الاستشهاد بالمصدر: Work cat.: (OSt): Alfred, Edmund, Recent advancec in animal cell biotechnology /, 2013.
